[Event "EU-ch Seniors 65 22nd"]
[Site "Acqui Terme"]
[Date "2023.05.28"]
[Round "3"]
[White "Giacomini, Hector"]
[Black "Schulz, Michael"]
[Result "1/2-1/2"]
[WhiteElo "2126"]
[BlackElo "2215"]
[PlyCount "41"]
[EventDate "2023.05.26"]
[EventType "swiss"]
[EventRounds "9"]
[EventCountry "ITA"]
[SourceTitle "CBM 214 Extra"]
[Source "ChessBase"]
[SourceDate "2023.07.31"]
[SourceVersion "1"]
[SourceVersionDate "2023.07.31"]
[SourceQuality "1"]

1. Nf3 g6 2. e3 Bg7 3. d4 Nf6 4. c4 0-0 5. Be2 c5 6. dxc5 Ne4 7. 0-0 Nxc5 8. Nd4 Nc6 9. Nc3 d6 10. b3 Ne6 11. Nxe6 Bxe6 12. Bb2 d5 13. cxd5 Bxd5 14. Qxd5 Qxd5 15. Nxd5 Bxb2 16. Rad1 e6 17. Nf4 Rfd8 18. Rxd8+ Rxd8 19. Rd1 Rxd1+ 20. Bxd1 Ba3 21. Nd3 1/2-1/2

[Event "EU-chT Seniors 65"]
[Site "Dresden"]
[Date "2022.11.04"]
[Round "9.3"]
[White "Buchal, Stephan"]
[Black "Schulz, Michael"]
[Result "1/2-1/2"]
[WhiteElo "2245"]
[BlackElo "2210"]
[PlyCount "70"]
[EventDate "2022.10.27"]
[EventType "team-swiss"]
[EventRounds "9"]
[EventCountry "GER"]
[SourceTitle "EXT 2024"]
[Source "ChessBase"]
[SourceDate "2023.10.10"]
[SourceVersion "1"]
[SourceVersionDate "2023.10.10"]
[SourceQuality "1"]
[WhiteTeam "Germany 65"]
[BlackTeam "Germany 65 II"]
[WhiteTeamCountry "GER"]
[BlackTeamCountry "GER"]

1. c4 e5 2. g3 Nf6 3. Bg2 d5 4. cxd5 Nxd5 5. Nf3 Nc6 6. 0-0 Nb6 7. d3 Be7 8. a3 0-0 9. Nc3 Be6 10. b4 f6 11. Bb2 a5 12. b5 Nd4 13. Nd2 Qc8 14. e3 Nf5 15. a4 Rd8 16. Qb1 Bb4 17. Rd1 Nh6 18. Qc2 Bh3 19. Nc4 Bxg2 20. Kxg2 Bxc3 21. Nxb6 cxb6 22. Qb3+ Kh8 23. Qxc3 Qd7 24. Rac1 Rac8 25. Qb3 Nf7 26. Rxc8 Rxc8 27. h4 g5 28. d4 gxh4 29. dxe5 h3+ 30. Kh2 Qf5 31. Qxf7 Qxf2+ 32. Kxh3 Qf5+ 33. Kh4 Qg5+ 34. Kh3 Qf5+ 35. Kh4 Qg5+ 1/2-1/2

[Event "EU-ch Seniors 65 21st"]
[Site "Lublin"]
[Date "2022.07.13"]
[Round "9"]
[White "Schulz, Michael"]
[Black "Bogdanov, Valentin"]
[Result "1/2-1/2"]
[WhiteElo "2217"]
[BlackElo "2333"]
[PlyCount "25"]
[EventDate "2022.07.05"]
[EventType "swiss"]
[EventRounds "9"]
[EventCountry "POL"]
[SourceTitle "CBM 209 Extra"]
[Source "ChessBase"]
[SourceDate "2022.09.30"]
[SourceVersion "1"]
[SourceVersionDate "2022.09.30"]
[SourceQuality "1"]

1. d4 d5 2. Bf4 Nf6 3. e3 Bf5 4. Bd3 Bxd3 5. Qxd3 c6 6. Nd2 e6 7. Ngf3 Bd6 8. Bxd6 Qxd6 9. 0-0 Nbd7 10. c3 0-0 11. e4 dxe4 12. Nxe4 Nxe4 13. Qxe4 1/2-1/2

[Event "EU-ch Seniors 65 21st"]
[Site "Lublin"]
[Date "2022.07.08"]
[Round "4"]
[White "Biro, Sandor"]
[Black "Schulz, Michael"]
[Result "1/2-1/2"]
[WhiteElo "2116"]
[BlackElo "2217"]
[PlyCount "148"]
[EventDate "2022.07.05"]
[EventType "swiss"]
[EventRounds "9"]
[EventCountry "POL"]
[SourceTitle "CBM 209 Extra"]
[Source "ChessBase"]
[SourceDate "2022.09.30"]
[SourceVersion "1"]
[SourceVersionDate "2022.09.30"]
[SourceQuality "1"]

1. e4 c6 2. Nf3 d5 3. exd5 cxd5 4. Ne5 Nc6 5. d4 e6 6. c3 Bd6 7. Bb5 Nge7 8. Qh5 0-0 9. 0-0 Qc7 10. f4 f6 11. Nd2 g6 12. Qe2 fxe5 13. fxe5 Rxf1+ 14. Nxf1 Bxe5 15. dxe5 Qxe5 16. Qf2 Bd7 17. Bh6 Qh5 18. Qd2 Nf5 19. Bf4 Rf8 20. Re1 Nh4 21. Ng3 Qg4 22. Bd6 Rf7 23. h3 Qxh3 24. Qe2 Nxg2 25. Qxg2 Qh4 26. Rf1 e5 27. Rxf7 Kxf7 28. Qxd5+ Be6 29. Qf3+ Qf6 30. Qxf6+ Kxf6 31. Ne4+ Kf5 32. Nc5 Bxa2 33. Nxb7 Bd5 34. Nc5 h5 35. Ba6 g5 36. b4 h4 37. Bc8+ Kf4 38. b5 Na5 39. Nd3+ Ke3 40. Nxe5 Kd2 41. Bb4 Nc4 42. Ng4 Kc2 43. Nf6 Bf3 44. Kf2 Bd1 45. Be6 Ne5 46. Bf5+ Kb3 47. Bd6 Nc4 48. Bb8 Na3 49. Be6+ Kxc3 50. Be5+ Kd3 51. Bd7 Kc4 52. Bb8 Nxb5 53. Ne4 Kd4 54. Nxg5 a6 55. Bc8 a5 56. Ke1 Bb3 57. Nf3+ Kd5 58. Nxh4 a4 59. Nf3 a3 60. Be5 a2 61. Bb2 Kc5 62. Kd2 Bd5 63. Ne5 Kb4 64. Bd7 Nd6 65. Nd3+ Kb3 66. Bg7 Ne4+ 67. Ke3 Nc3 68. Nc1+ Kc2 69. Bf5+ Kxc1 70. Bxc3 Bb3 71. Bd3 Bc2 72. Bc4 Kb1 73. Kd2 a1Q 74. Bxa1 Kxa1 1/2-1/2

[Event "Liberec op 21st"]
[Site "Liberec"]
[Date "2022.02.12"]
[Round "9"]
[White "Adrian, Leopold"]
[Black "Schulz, Michael"]
[Result "1/2-1/2"]
[WhiteElo "2144"]
[BlackElo "2236"]
[PlyCount "46"]
[EventDate "2022.02.05"]
[EventType "swiss"]
[EventRounds "9"]
[EventCountry "CZE"]
[SourceTitle "EXT 2023"]
[Source "ChessBase"]
[SourceDate "2022.10.05"]
[SourceVersion "1"]
[SourceVersionDate "2022.10.05"]
[SourceQuality "1"]

1. Nf3 g6 2. c4 Bg7 3. Nc3 c5 4. e3 Nf6 5. d4 0-0 6. Be2 cxd4 7. exd4 d5 8. 0-0 Nc6 9. Re1 dxc4 10. Bxc4 Bg4 11. d5 Bxf3 12. Qxf3 Nd4 13. Qd1 Nf5 14. Bg5 h6 15. Bf4 Rc8 16. Bb3 a6 17. Qd2 Kh7 18. Rad1 b5 19. Qe2 Re8 20. Be5 Nd6 21. Bd4 Nf5 22. Be5 Nd6 23. Bd4 Nf5 1/2-1/2

[Event "Liberec op 21st"]
[Site "Liberec"]
[Date "2022.02.07"]
[Round "3"]
[White "Motyl, Tomasz"]
[Black "Schulz, Michael"]
[Result "0-1"]
[WhiteElo "1987"]
[BlackElo "2247"]
[PlyCount "92"]
[EventDate "2022.02.05"]
[EventType "swiss"]
[EventRounds "9"]
[EventCountry "CZE"]
[SourceTitle "EXT 2023"]
[Source "ChessBase"]
[SourceDate "2022.10.05"]
[SourceVersion "1"]
[SourceVersionDate "2022.10.05"]
[SourceQuality "1"]

1. e4 g6 2. d4 Bg7 3. Nc3 c5 4. d5 d6 5. Be2 a6 6. a4 Nf6 7. Nf3 0-0 8. 0-0 e5 9. dxe6 Bxe6 10. e5 dxe5 11. Nxe5 Nbd7 12. Nxd7 Nxd7 13. Bf3 Rb8 14. Bf4 Ne5 15. Bd5 Qf6 16. Qc1 Bxd5 17. Nxd5 Qe6 18. Rd1 Rbd8 19. c4 Rd7 20. Qc2 Rfd8 21. b3 Nc6 22. Re1 Qg4 23. h3 Nd4 24. Qe4 Qh4 25. Rad1 h6 26. Rd3 b5 27. axb5 axb5 28. Be5 Qxe4 29. Rxe4 Re8 30. Rde3 f5 31. Bxg7 Rxe4 32. Bxd4 Rxd5 33. cxd5 Rxd4 34. Re6 Kf7 35. Rb6 b4 36. d6 Ke6 37. Rc6 Rd5 38. d7+ Kxd7 39. Rxg6 Rd3 40. Rxh6 Rxb3 41. h4 c4 42. Kf1 c3 43. Ke2 Rb2+ 44. Kd3 Rd2+ 45. Ke3 b3 46. Rb6 b2 0-1

[Event "Liberec op 21st"]
[Site "Liberec"]
[Date "2022.02.06"]
[Round "2"]
[White "Schulz, Michael"]
[Black "Vrzal, Filip"]
[Result "1-0"]
[WhiteElo "2247"]
[BlackElo "1877"]
[PlyCount "106"]
[EventDate "2022.02.05"]
[EventType "swiss"]
[EventRounds "9"]
[EventCountry "CZE"]
[SourceTitle "EXT 2023"]
[Source "ChessBase"]
[SourceDate "2022.10.05"]
[SourceVersion "1"]
[SourceVersionDate "2022.10.05"]
[SourceQuality "1"]

1. d4 d5 2. Bg5 h6 3. Bh4 c5 4. Nc3 Nc6 5. e3 cxd4 6. exd4 Qa5 7. Bb5 Bf5 8. Nge2 e6 9. 0-0 Be7 10. Bxe7 Ngxe7 11. Ng3 0-0 12. Nxf5 Nxf5 13. Bxc6 bxc6 14. Ne2 c5 15. c3 cxd4 16. Nxd4 Nxd4 17. Qxd4 Rfc8 18. Rfe1 Rab8 19. Re2 Rb3 20. Qe5 Rb7 21. g3 Rcb8 22. c4 Qc7 23. Qxc7 Rxc7 24. cxd5 exd5 25. Rd1 Rd8 26. Red2 Rcd7 27. Rd4 h5 28. f4 g6 29. Kf2 Kg7 30. R1d3 Kf6 31. Ke3 Re7+ 32. Kd2 Rde8 33. Kc2 Re2+ 34. Rd2 Rc8+ 35. Kd1 Rxd2+ 36. Kxd2 Ke6 37. Ra4 Rc7 38. Kd3 Kd6 39. Kd4 Kc6 40. Ra3 Rd7 41. Rc3+ Kd6 42. Rc5 Ke6 43. b4 Rb7 44. a3 Rd7 45. b5 Rb7 46. a4 Rd7 47. h3 f6 48. g4 hxg4 49. hxg4 f5 50. g5 Rh7 51. Rc6+ Kd7 52. Rxg6 Rh4 53. Kxd5 Rxf4 1-0

[Event "Berlin-ch Seniors op 38th"]
[Site "Berlin"]
[Date "2022.02.02"]
[Round "9"]
[White "Koehler, Gerhard"]
[Black "Schulz, Michael"]
[Result "1-0"]
[WhiteElo "2189"]
[BlackElo "2192"]
[PlyCount "81"]
[EventDate "2022.01.25"]
[EventType "swiss"]
[EventRounds "9"]
[EventCountry "GER"]
[SourceTitle "EXT 2023"]
[Source "ChessBase"]
[SourceDate "2022.10.05"]
[SourceVersion "1"]
[SourceVersionDate "2022.10.05"]
[SourceQuality "1"]

1. c4 g6 2. Nc3 Bg7 3. g3 c5 4. Bg2 Nc6 5. a3 e5 6. Rb1 a5 7. d3 Nge7 8. Nf3 0-0 9. 0-0 d6 10. Ne1 h6 11. Nc2 f5 12. Ne3 f4 13. Ned5 Nf5 14. b4 axb4 15. axb4 cxb4 16. Nxb4 Nxb4 17. Rxb4 Ra1 18. Ra4 Rxa4 19. Qxa4 Bd7 20. Qa2 Bc6 21. c5+ Kh8 22. cxd6 Bxg2 23. Kxg2 Qxd6 24. Ne4 Qd7 25. Bb2 f3+ 26. exf3 Qxd3 27. Qa3 Qd5 28. Rc1 Nd4 29. Rc5 Qf7 30. Bxd4 exd4 31. Qd3 Qd7 32. Rb5 Qc6 33. Qb3 Qc8 34. h4 Kh7 35. Rxb7 Qf5 36. Rb5 Qd7 37. Nc5 Qc6 38. Ne6 Rxf3 39. Qxf3 Qxb5 40. Qf7 Qe5 41. Nf8+ 1-0

[Event "Berlin-ch Seniors op 38th"]
[Site "Berlin"]
[Date "2022.01.25"]
[Round "1"]
[White "Radjenovic, Branko"]
[Black "Schulz, Michael"]
[Result "0-1"]
[WhiteElo "1813"]
[BlackElo "2192"]
[PlyCount "78"]
[EventDate "2022.01.25"]
[EventType "swiss"]
[EventRounds "9"]
[EventCountry "GER"]
[SourceTitle "EXT 2023"]
[Source "ChessBase"]
[SourceDate "2022.10.05"]
[SourceVersion "1"]
[SourceVersionDate "2022.10.05"]
[SourceQuality "1"]

1. d4 Nf6 2. Bf4 g6 3. Nd2 Nh5 4. Bg5 h6 5. Bh4 g5 6. e3 Nf6 7. Bg3 d5 8. h3 Bf5 9. Ngf3 c6 10. c3 Nbd7 11. Be2 Qb6 12. Qb3 a5 13. c4 dxc4 14. Bxc4 e6 15. a3 Qxb3 16. Bxb3 Ne4 17. Nxe4 Bxe4 18. Rc1 Be7 19. Bc2 Bxc2 20. Rxc2 h5 21. Ne5 f6 22. Nd3 a4 23. Ke2 Kf7 24. Rhc1 h4 25. Bh2 Rhc8 26. e4 Rd8 27. Bc7 Rg8 28. Bh2 g4 29. hxg4 Rxg4 30. Kf3 Rag8 31. Ne1 Bd8 32. Bd6 Ba5 33. Bb4 Bc7 34. Bd2 e5 35. d5 c5 36. Rc4 b5 37. R4c2 c4 38. Bb4 Bb6 39. Re2 Rf4# 0-1

[Event "Rottach Egern Seniors Cup 9th"]
[Site "Rottach Egern"]
[Date "2021.10.23"]
[Round "2"]
[White "Kainz, Josef"]
[Black "Schulz, Michael"]
[Result "0-1"]
[WhiteElo "1992"]
[BlackElo "2221"]
[PlyCount "34"]
[EventDate "2021.10.22"]
[EventType "swiss"]
[EventRounds "7"]
[EventCountry "GER"]
[SourceTitle "CBM 204 Extra"]
[Source "ChessBase"]
[SourceDate "2021.11.30"]
[SourceVersion "1"]
[SourceVersionDate "2021.11.30"]
[SourceQuality "1"]

1. d4 Nf6 2. c4 c5 3. d5 e6 4. Nc3 exd5 5. cxd5 d6 6. e4 a6 7. a4 g6 8. h3 Bg7 9. Nf3 Nbd7 10. Bd3 Nh5 11. 0-0 Ne5 12. Nxe5 Bxe5 13. f4 Bd4+ 14. Kh2 Nf6 15. Qe1 h5 16. Qh4 Ng4+ 17. Kg3 Bf6 0-1

[Event "Rottach Egern Seniors Cup 9th"]
[Site "Rottach Egern"]
[Date "2021.10.22"]
[Round "1"]
[White "Schulz, Michael"]
[Black "Klein, Gernot"]
[Result "1-0"]
[WhiteElo "2221"]
[BlackElo "1865"]
[PlyCount "147"]
[EventDate "2021.10.22"]
[EventType "swiss"]
[EventRounds "7"]
[EventCountry "GER"]
[SourceTitle "CBM 204 Extra"]
[Source "ChessBase"]
[SourceDate "2021.11.30"]
[SourceVersion "1"]
[SourceVersionDate "2021.11.30"]
[SourceQuality "1"]

1. d4 d5 2. Bg5 h6 3. Bh4 Nf6 4. Bxf6 exf6 5. e3 Bf5 6. Bd3 Bxd3 7. Qxd3 c6 8. Nd2 Be7 9. Ngf3 0-0 10. 0-0 Re8 11. Rfe1 Na6 12. c3 Nc7 13. e4 dxe4 14. Rxe4 Bf8 15. Rae1 Qd7 16. Rxe8 Rxe8 17. Rxe8 Qxe8 18. Qe4 Qd7 19. c4 Bb4 20. Nb3 Bf8 21. Na5 Ne6 22. g3 Qc7 23. Nb3 a5 24. d5 Nc5 25. Nxc5 Bxc5 26. dxc6 bxc6 27. Kg2 Qd7 28. Qc2 Bd4 29. Qd3 c5 30. Nxd4 cxd4 31. b3 Kf8 32. Kf1 Qd6 33. Ke2 Ke7 34. Qe4+ Kf8 35. Kd3 g6 36. Qa8+ Kg7 37. Qxa5 Qd7 38. Qd5 Qg4 39. Qxd4 Qd1+ 40. Ke3 Qe1+ 41. Kf3 Qh1+ 42. Ke2 Qb1 43. Qd2 Qe4+ 44. Qe3 Qc2+ 45. Kf1 Qxa2 46. Kg2 g5 47. Qf3 h5 48. c5 g4 49. Qd5 h4 50. gxh4 Qb2 51. Qc4 f5 52. c6 Qa1 53. Qd5 Qc3 54. b4 Qh3+ 55. Kg1 Qc3 56. b5 Qc1+ 57. Kg2 Kg6 58. b6 f6 59. b7 f4 60. Qg8+ Kh6 61. Qxg4 Qxc6+ 62. Qf3 Qc7 63. Qe4 f5 64. Qe6+ Kh5 65. Qxf5+ Kxh4 66. Qf6+ Kh5 67. Qh8+ Kg5 68. h4+ Kg6 69. b8Q Qc6+ 70. Kh2 f3 71. Qg3+ Kf5 72. Qh5+ Kf6 73. Qgg6+ Ke7 74. Qxc6 1-0

[Event "Oberliga Nord O 1920"]
[Site "Germany"]
[Date "2021.08.15"]
[Round "9.5"]
[White "Schulz, Michael"]
[Black "Rettig, Maik"]
[Result "1-0"]
[WhiteElo "2165"]
[BlackElo "2050"]
[PlyCount "69"]
[EventDate "2019.09.29"]
[EventType "team-tourn"]
[EventRounds "9"]
[EventCountry "GER"]
[SourceTitle "EXT 2023"]
[Source "ChessBase"]
[SourceDate "2022.10.05"]
[SourceVersion "1"]
[SourceVersionDate "2022.10.05"]
[SourceQuality "1"]
[WhiteTeam "Spandau Zitadelle"]
[BlackTeam "Brandenburg"]
[WhiteTeamCountry "GER"]
[BlackTeamCountry "GER"]

1. d4 Nf6 2. Bg5 h6 3. Bxf6 exf6 4. c4 Bb4+ 5. Nc3 0-0 6. e3 c5 7. a3 Ba5 8. dxc5 Bxc3+ 9. bxc3 Qa5 10. Qd2 Nc6 11. Nf3 Qxc5 12. Bd3 Na5 13. Qa2 d5 14. cxd5 Qxc3+ 15. Ke2 Qb3 16. Nd4 Qxa2+ 17. Rxa2 Bd7 18. Rc1 Rac8 19. Rac2 Rxc2+ 20. Rxc2 Rc8 21. Rxc8+ Bxc8 22. Kd2 a6 23. Kc3 b5 24. Nc6 Nxc6 25. dxc6 Kf8 26. Kd4 Ke7 27. Kc5 f5 28. f4 f6 29. g3 Ke6 30. Bf1 Ke7 31. Bg2 Ke6 32. c7 Kd7 33. Kb6 a5 34. Bc6+ Kd6 35. Bxb5 1-0

[Event "GER-ch Net blitz qual1"]
[Site "Playchess.com INT"]
[Date "2021.04.24"]
[Round "10"]
[White "Schulz, Michael"]
[Black "Drianis, Anton"]
[Result "1-0"]
[WhiteElo "2049"]
[BlackElo "1620"]
[PlyCount "51"]
[EventDate "2021.04.24"]
[EventType "swiss (blitz)"]
[EventRounds "11"]
[EventCountry "GER"]
[SourceTitle "CBM 202 Extra"]
[Source "ChessBase"]
[SourceDate "2021.07.31"]
[SourceVersion "1"]
[SourceVersionDate "2021.07.31"]
[SourceQuality "1"]

1. d4 d5 2. Bg5 h6 3. Bh4 g5 4. Bg3 e6 5. e3 Bd6 6. c4 Bxg3 7. hxg3 Bd7 8. Nc3 Nc6 9. cxd5 exd5 10. Nxd5 Bf5 11. Bc4 Qd6 12. Nf3 Bg4 13. Qa4 Nf6 14. Nxf6+ Qxf6 15. Ne5 Qf5 16. Nxc6 bxc6 17. Qxc6+ Ke7 18. f3 Bh5 19. Rxh5 Qg6 20. Qc5+ Ke8 21. g4 Qe6 22. Bxe6 fxe6 23. Qxc7 Rd8 24. Qg7 Rf8 25. Rxh6 e5 26. Re6# 1-0

[Event "GER-ch Net blitz qual1"]
[Site "Playchess.com INT"]
[Date "2021.04.24"]
[Round "9"]
[White "Schulz, Michael"]
[Black "Wesener, Lorenz"]
[Result "1-0"]
[WhiteElo "2049"]
[BlackElo "1606"]
[PlyCount "55"]
[EventDate "2021.04.24"]
[EventType "swiss (blitz)"]
[EventRounds "11"]
[EventCountry "GER"]
[SourceTitle "CBM 202 Extra"]
[Source "ChessBase"]
[SourceDate "2021.07.31"]
[SourceVersion "1"]
[SourceVersionDate "2021.07.31"]
[SourceQuality "1"]

1. d4 Nf6 2. Bg5 Ne4 3. Bf4 d5 4. f3 Nf6 5. e4 dxe4 6. Nc3 Nd5 7. Nxd5 Qxd5 8. Bxc7 exf3 9. Nxf3 Bg4 10. Be2 e6 11. 0-0 Bd6 12. c4 Qc6 13. Bxd6 Qxd6 14. Qa4+ Qc6 15. Qb3 0-0 16. Ne5 Qe4 17. Bxg4 Qxd4+ 18. Kh1 Qxe5 19. Qxb7 Qg5 20. Bxe6 Na6 21. Bxf7+ Kh8 22. Qxa6 Qe7 23. Bd5 Rab8 24. Rxf8+ Rxf8 25. Qe6 Qg5 26. Re1 Qh4 27. g3 Qd4 28. Qf7 1-0

[Event "Berlin-Wien Rapid Hybrid"]
[Site "Tornelo INT"]
[Date "2021.03.27"]
[Round "3.1"]
[White "Froewis, Georg"]
[Black "Schulz, Michael"]
[Result "1-0"]
[WhiteElo "2460"]
[BlackElo "2168"]
[PlyCount "65"]
[EventDate "2021.03.27"]
[EventType "team-schev (rapid)"]
[EventRounds "4"]
[EventCountry "AUT"]
[SourceTitle "CBM 202 Extra"]
[Source "ChessBase"]
[SourceDate "2021.07.31"]
[SourceVersion "1"]
[SourceVersionDate "2021.07.31"]
[SourceQuality "1"]
[WhiteTeam "Wien"]
[BlackTeam "Berlin"]
[WhiteTeamCountry "AUT"]
[BlackTeamCountry "GER"]

1. g3 e5 2. Bg2 Nf6 3. d3 d5 4. a3 Nc6 5. b4 a6 6. Bb2 Bd6 7. c4 d4 8. Nd2 0-0 9. Ngf3 Re8 10. 0-0 Bg4 11. b5 axb5 12. cxb5 Na5 13. Qc2 Qd7 14. a4 Bh3 15. Nc4 Nxc4 16. Qxc4 Bxg2 17. Kxg2 b6 18. Ba3 h6 19. Rfc1 Rec8 20. Nd2 Bxa3 21. Rxa3 Qg4 22. Nf3 Re8 23. h3 Qf5 24. Raa1 Re7 25. Qc6 Rae8 26. a5 bxa5 27. Rxa5 Re6 28. Qxc7 Nd5 29. Qc5 Nc3 30. Nxd4 Qf6 31. Nxe6 Nxe2 32. Re1 Nf4+ 33. Nxf4 1-0

[Event "Berlin-Wien Rapid Hybrid"]
[Site "Tornelo INT"]
[Date "2021.03.27"]
[Round "1.3"]
[White "Peyrer, Konstantin"]
[Black "Schulz, Michael"]
[Result "1-0"]
[WhiteElo "2259"]
[BlackElo "2168"]
[PlyCount "67"]
[EventDate "2021.03.27"]
[EventType "team-schev (rapid)"]
[EventRounds "4"]
[EventCountry "AUT"]
[SourceTitle "CBM 202 Extra"]
[Source "ChessBase"]
[SourceDate "2021.07.31"]
[SourceVersion "1"]
[SourceVersionDate "2021.07.31"]
[SourceQuality "1"]
[WhiteTeam "Wien"]
[BlackTeam "Berlin"]
[WhiteTeamCountry "AUT"]
[BlackTeamCountry "GER"]

1. e4 g6 2. d4 Bg7 3. Nf3 c6 4. Bd3 d5 5. h3 Nh6 6. Nc3 0-0 7. Qe2 dxe4 8. Nxe4 Nf5 9. c3 Nd7 10. 0-0 Nf6 11. Rd1 Nxe4 12. Bxe4 Nd6 13. Bc2 Bf5 14. Bb3 a5 15. a4 h6 16. Bf4 g5 17. Be5 Bg6 18. Rac1 e6 19. Ba2 Nf5 20. c4 Qb6 21. d5 exd5 22. Bxg7 Nxg7 23. cxd5 cxd5 24. Bxd5 Rab8 25. Qb5 Qxb5 26. axb5 Ne6 27. Ne5 Nf4 28. Kf1 Rfe8 29. Nxg6 Nxg6 30. Rc7 Re7 31. b6 Rxc7 32. bxc7 Rc8 33. Rc1 Ne7 34. Bxb7 1-0

[Event "Berlin-Wien Hybrid"]
[Site "Tornelo INT"]
[Date "2021.03.27"]
[Round "1.3"]
[White "Schulz, Michael"]
[Black "Peyrer, Konstantin"]
[Result "1/2-1/2"]
[WhiteElo "2168"]
[BlackElo "2259"]
[PlyCount "69"]
[EventDate "2021.03.27"]
[EventType "team-match"]
[EventRounds "1"]
[EventCountry "AUT"]
[SourceTitle "CBM 202 Extra"]
[Source "ChessBase"]
[SourceDate "2021.07.31"]
[SourceVersion "1"]
[SourceVersionDate "2021.07.31"]
[SourceQuality "1"]
[WhiteTeam "Berlin"]
[BlackTeam "Wien"]
[WhiteTeamCountry "GER"]
[BlackTeamCountry "AUT"]

1. d4 Nf6 2. Bg5 d5 3. Bxf6 gxf6 4. e3 c5 5. Nc3 Nc6 6. Qh5 e6 7. dxc5 Bxc5 8. 0-0-0 Qe7 9. Nge2 Bd7 10. Kb1 0-0-0 11. Nc1 f5 12. Nd3 Bd6 13. Nb5 Bb8 14. Nc3 Qf6 15. f4 d4 16. exd4 Nxd4 17. Ne5 Bxe5 18. fxe5 Qxe5 19. Qxf7 Bc6 20. Qh5 Qc5 21. Qh6 e5 22. Re1 b5 23. a3 a5 24. Qf6 e4 25. Rc1 Rhf8 26. Qh6 b4 27. axb4 axb4 28. Ne2 Nb5 29. c3 Qd6 30. Qxd6 Rxd6 31. cxb4 Kb7 32. Nf4 Nd4 33. b5 Nxb5 34. Bxb5 Bxb5 35. Rhd1 1/2-1/2

[Event "GER-ch Seniors 65 32nd"]
[Site "Magdeburg"]
[Date "2020.08.19"]
[Round "6"]
[White "Kierzek, Matthias"]
[Black "Schulz, Michael"]
[Result "1-0"]
[WhiteElo "2228"]
[BlackElo "2132"]
[PlyCount "112"]
[EventDate "2020.08.14"]
[EventType "swiss"]
[EventRounds "9"]
[EventCountry "GER"]
[SourceTitle "EXT 2021"]
[Source "ChessBase"]
[SourceDate "2020.10.23"]
[SourceVersion "1"]
[SourceVersionDate "2020.10.23"]
[SourceQuality "1"]

1. d4 Nf6 2. c4 c5 3. d5 e6 4. Nc3 exd5 5. cxd5 d6 6. Nf3 g6 7. Bf4 Bg7 8. Qa4+ Bd7 9. Qb3 b5 10. Bxd6 Qb6 11. Be5 c4 12. Qd1 0-0 13. e3 b4 14. Nb1 Rc8 15. Be2 Bf5 16. Nfd2 Nbd7 17. Bd4 Qa5 18. Nxc4 Qxd5 19. Nbd2 Nc5 20. 0-0 Rab8 21. Nb3 Na4 22. Bxa7 Ra8 23. Qxd5 Nxd5 24. Bd4 Bxd4 25. Nxd4 Be6 26. Nxe6 fxe6 27. a3 Rab8 28. Bg4 Nc5 29. axb4 Rxb4 30. Rfc1 h5 31. Nd6 Rc7 32. Bf3 Rxb2 33. h4 Kf8 34. Nc4 Nb3 35. Nxb2 Rxc1+ 36. Rxc1 Nxc1 37. Be4 Kg7 38. Nd3 Nxd3 39. Bxd3 Kf6 40. Bc4 Ne7 41. g3 e5 42. f3 Nf5 43. Kf2 Nd6 44. Bd3 Nb7 45. f4 exf4 46. gxf4 Nc5 47. Bc2 Ne6 48. Kf3 Nd8 49. e4 Nc6 50. Ba4 Ne7 51. Bd7 Ng8 52. Ke3 Ke7 53. Bh3 Kf6 54. Kd4 Ne7 55. Kc5 Kf7 56. Kd6 g5 1-0

[Event "GER-ch Seniors 65 32nd"]
[Site "Magdeburg"]
[Date "2020.08.17"]
[Round "4"]
[White "Schulz, Michael"]
[Black "Esswein, Karlheinz"]
[Result "1-0"]
[WhiteElo "2132"]
[BlackElo "2036"]
[PlyCount "61"]
[EventDate "2020.08.14"]
[EventType "swiss"]
[EventRounds "9"]
[EventCountry "GER"]
[SourceTitle "EXT 2021"]
[Source "ChessBase"]
[SourceDate "2020.10.23"]
[SourceVersion "1"]
[SourceVersionDate "2020.10.23"]
[SourceQuality "1"]

1. d4 d6 2. e4 g6 3. Nc3 Bg7 4. Be2 a6 5. a4 Nd7 6. Nf3 b6 7. 0-0 Bb7 8. h3 e6 9. Bg5 Ne7 10. Qd2 0-0 11. Bh6 c6 12. Bxg7 Kxg7 13. Qf4 Qc7 14. Qh4 Rae8 15. Rad1 b5 16. axb5 cxb5 17. Bd3 Ng8 18. Rfe1 Qd8 19. Qg3 Qe7 20. e5 d5 21. h4 Bc6 22. h5 b4 23. Ne2 Bb5 24. Nf4 Bxd3 25. Rxd3 Rc8 26. Ng5 Rfe8 27. Nxh7 Kxh7 28. hxg6+ Kg7 29. gxf7+ Kxf7 30. Qg6+ Kf8 31. Rf3 1-0

[Event "Biel HTO 53rd"]
[Site "Biel"]
[Date "2020.07.21"]
[Round "2"]
[White "Rosebrock, Timotej Alexander"]
[Black "Schulz, Michael"]
[Result "0-1"]
[WhiteElo "1839"]
[BlackElo "2132"]
[PlyCount "92"]
[EventDate "2020.07.20"]
[EventType "swiss"]
[EventRounds "9"]
[EventCountry "SUI"]
[SourceTitle "CBM 197"]
[Source "ChessBase"]
[SourceDate "2020.07.27"]
[SourceVersion "1"]
[SourceVersionDate "2020.07.27"]
[SourceQuality "1"]

1. e4 g6 2. d4 Bg7 3. Nf3 c6 4. Nc3 d5 5. e5 Nh6 6. Bg5 f6 7. exf6 exf6 8. Bf4 0-0 9. Be2 b5 10. Qd2 Nf7 11. 0-0 Nd7 12. Rfe1 Nb6 13. b3 g5 14. Be3 h6 15. a4 b4 16. Na2 a5 17. c3 f5 18. cxb4 f4 19. Bxf4 gxf4 20. bxa5 Nd7 21. Rac1 Qxa5 22. Qxa5 Rxa5 23. Rxc6 Nf6 24. Rec1 Bd7 25. Rc7 Re8 26. Bd3 Bf8 27. h3 Bd6 28. R7c2 Rb8 29. Nd2 f3 30. Nc3 fxg2 31. Kxg2 Ng5 32. h4 Nh3 33. Bb5 Bf5 34. Ra2 Kh7 35. Ne2 Rg8+ 36. Ng3 Nf4+ 37. Kh1 Ng4 38. Ndf1 Be4+ 39. Nxe4 dxe4 40. Rc3 Nd3 41. Bxd3 exd3 42. f3 Rh5 43. fxg4 Rxh4+ 44. Nh2 Re8 45. Rc1 Re2 46. Raa1 Bxh2 0-1

[Event "GER-ch Net Amateur Gr-A Vor2"]
[Site "Playchess.com INT"]
[Date "2020.04.15"]
[Round "1"]
[White "Meschke, Andreas"]
[Black "Schulz, Michael"]
[Result "0-1"]
[WhiteElo "1636"]
[BlackElo "1979"]
[PlyCount "68"]
[EventDate "2020.04.15"]
[EventType "swiss (blitz)"]
[EventRounds "9"]
[EventCountry "GER"]
[SourceTitle "CBM 196 Extra"]
[Source "ChessBase"]
[SourceDate "2020.07.31"]
[SourceVersion "1"]
[SourceVersionDate "2020.07.31"]
[SourceQuality "1"]

1. e4 g6 2. d4 Bg7 3. Nf3 c6 4. Bd3 d5 5. e5 f6 6. 0-0 Bg4 7. Re1 fxe5 8. dxe5 Nh6 9. h3 Bxf3 10. Qxf3 Nd7 11. Nc3 Qc7 12. Bf4 0-0 13. Qg3 e6 14. Re2 Rae8 15. Rae1 Nf5 16. Bxf5 Rxf5 17. h4 Ref8 18. Bd2 Bxe5 19. Qh3 Bd4 20. Be3 Bxe3 21. fxe3 Qb6 22. Kh1 Nf6 23. e4 Rh5 24. Qxe6+ Kg7 25. g3 Re8 26. Qh3 dxe4 27. Nxe4 Rhe5 28. Nxf6 Rxe2 29. Qd7+ Kxf6 30. Rxe2 Rxe2 31. Qxh7 Re1+ 32. Kh2 Qf2+ 33. Kh3 Qf1+ 34. Kg4 Re4# 0-1